UNIVERSITY OF BENIN LAW JOURNAL (Record no. 43931)

MARC details
003 - CONTROL NUMBER IDENTIFIER
control field 436110
005 - DATE AND TIME OF LATEST TRANSACTION
control field 20251021213908.0
008 - FIXED-LENGTH DATA ELEMENTS--GENERAL INFORMATION
fixed length control field 251021b |||||||| |||| 00| 0 eng d
022 ## - INTERNATIONAL STANDARD SERIAL NUMBER
International Standard Serial Number 11178035
040 ## - CATALOGING SOURCE
Transcribing agency Nile Univesity o Nigeria, Abuja.
Description conventions rda
050 ## - LIBRARY OF CONGRESS CALL NUMBER
Classification number K 60 . B4
082 ## - DEWEY DECIMAL CLASSIFICATION NUMBER
Classification number K 60 . B4
245 ## - TITLE STATEMENT
Title UNIVERSITY OF BENIN LAW JOURNAL
250 ## - EDITION STATEMENT
Edition statement vol.13No1/2010-2012
260 ## - PUBLICATION, DISTRIBUTION, ETC. (IMPRINT)
Place of publication, distribution, etc Benin
Name of publisher, distributor, etc Flun press
Date of publication, distribution, etc 2012
264 ## - PUBLICATION, DISTRIBUTION, ETC. (IMPRINT)
Place of publication, distribution, etc Benin
Name of publisher, distributor, etc Flun press
Date of publication, distribution, etc 2012
300 ## - PHYSICAL DESCRIPTION
Other physical details viii, 399 pg., 25 cm
336 ## - CONTENT TYPE
Source rdacontent
338 ## - CARRIER TYPE
Source rdacarrier
942 ## - ADDED ENTRY ELEMENTS (KOHA)
Source of classification or shelving scheme Library of Congress Classification
Koha item type JOURNALS

No items available.